Online Catalogue and eLibrary

Women and Film: (Record no. 1169)

MARC details
000 -LEADER
fixed length control field 00513nam a2200205Ia 4500
005 - DATE AND TIME OF LATEST TRANSACTION
control field 20250213001220.0
008 - FIXED-LENGTH DATA ELEMENTS--GENERAL INFORMATION
fixed length control field 240331s9999 xx 000 0 und d
020 ## - INTERNATIONAL STANDARD BOOK NUMBER
ISBN 0415027640
082 ## - DDC Classification
Class No. 302.234
Item Number - Author Mark KAP
DDC Edition Number 3799
100 ## - MAIN ENTRY--PERSONAL NAME
Personal name Kaplan, E. A
245 #0 - TITLE STATEMENT
Title Women and Film:
Remainder of title Both Sides of the Camera
260 ## - PUBLICATION, DISTRIBUTION, ETC.
Place of publication, distribution, etc. New York;
-- London
Name of publisher, distributor, etc. Routledge
Date of publication, distribution, etc. 1983
300 ## - PHYSICAL DESCRIPTION
Extent (e.g. Volumes, Pages etc.) xii, 259 p.,
650 ## - SUBJECT ADDED ENTRY--TOPICAL TERM
Topical term or geographic name entry element Film
650 ## - SUBJECT ADDED ENTRY--TOPICAL TERM
Topical term or geographic name entry element Women
650 ## - SUBJECT ADDED ENTRY--TOPICAL TERM
Topical term or geographic name entry element Feminism
650 ## - SUBJECT ADDED ENTRY--TOPICAL TERM
Topical term or geographic name entry element Sexuality
650 ## - SUBJECT ADDED ENTRY--TOPICAL TERM
Topical term or geographic name entry element Feminist Film Theory
942 ## - Koha item type (Biblio)
Koha item type Books in Stacks (Lending)
Holdings
Lost status Damaged status Collection code Home library Current library Shelving location Date acquired Full call number Accession Number Item type
    Lending WERC Library WERC Library Social Science Cupboard 03/31/2024 302.234 KAP 3799 Books in Stacks (Lending)

© WERC Library